Statistics for Indonesian History Quiz

Click here to take the quiz!

General Stats

  • This quiz has been taken 62 times
    (57 since last reset)
  • The average score is 8 of 18

Answer Stats

HintAnswer% Correct
Which country invaded Indonesia in 1942?Japan
88%
Who is the current president of Indonesia?Joko Widodo
88%
Who was the second president of Indonesia?Suharto
84%
Indonesia has the most followers of what religion?Islam
79%
Which month is Indonesian Independence Day in?August
77%
Which country did Indonesia gained independence from?Netherlands
77%
Which country was annexed by Indonesia and gained independence in 2002?East Timor
70%
Which countries border Indonesia?Malaysia
65%
What "Ring" does Indonesia lie on?Ring of Fire
42%
Who brough Indonesia to independence?Sukarno Hatta
35%
What is Indonesia's full name?Republic of Indonesia
30%
What is Indonesia's old name?Dutch East Indies
26%
What is Indonesia?Archipelago
21%
How many islands are there in Indonesia?18,000
19%
Indonesia has the biggest what?Flower
9%
What colour is forbidden in Indonesia?Green
7%
How many people does Indonesia have?280 million
5%
What body gesture is important in Indonesia?Eye contact
0%

Score Distribution

Percentile by Number Answered

Percent of People with Each Score

Your Score History

You have not taken this quiz since the last reset